Pasapalabra Militar - Estadísticas

Estadísticas generales
  • Esta prueba ha sido intentada 86 veces
  • La puntuación promedio es 18 de 27
Estadísticas de respuestas
Letra Definición Respuesta % Correcto
C Arma de artillería o parte de un fusil por donde se disparan los proyectiles Cañón
98%
P Sustancia explosiva usada en municiones Pólvora
91%
H Aeronave que se sostiene gracias a un rotor de eje oblicuo movido por un motor Helicóptero
89%
S Miembro raso de las fuerzas armadas Soldado
89%
E Conjunto de fuerzas militares de tierra de un país Ejército
88%
G Proyectil explosivo arrojadizo Granada
88%
K Piloto japonés que realizaba ataques suicidas durante la Segunda Guerra Mundial Kamikaze
88%
U Vestimenta reglamentaria de los militares Uniforme
88%
R Sistema para detectar y rastrear objetos a distancia Radar
86%
V Persona que se alista de manera libre en las fuerzas armadas Voluntario
86%
A Rama del ejército encargada del manejo de cañones, obuses y misiles Artillería
82%
I Tropas que combaten principalmente a pie Infantería
82%
M Proyectil autopropulsado utilizado en combate Misil
82%
T Proyectil submarino autopropulsado Torpedo
81%
B Arma blanca que se acopla al cañón de un fusil Bayoneta
77%
Y Unidad de medida utilizada en artillería Yarda
70%
O Organización internacional encargada de la defensa colectiva OTAN
65%
F Buque de guerra para misiones de patrulla y escolta dotado con armas antisubmarinas, antiaéreas y de superficie Fragata
54%
Contiene la X Sustancia o dispositivo utilizado en operaciones militares para causar explosiones Explosivo
53%
N Posición de no intervención en conflictos armados Neutralidad
53%
Z Soldado especializado en fortificaciones y demolición Zapador
44%
L Gestión de recursos y suministros en operaciones militares Logística
39%
Contiene la Ñ Bandera o estandarte que representa a una unidad militar Enseña
33%
D Acción de distribuir tropas para ocupar posiciones estratégicas Despliegue
28%
J Dependencia o cargo del mando principal de una unidad militar Jefatura
26%
W Correspondiente a esta letra ("W") en el alfabeto radiofónico Whiskey
25%
Q Sistema de reclutamiento militar obligatorio usado históricamente Quinta
18%
No se encontraron pruebas coincidentes
Distribución de puntuación
Porcentaje de gente con cada puntuación
Porcentaje por número respondido
Historial de tus puntuaciones
No has intentado esta prueba.